Species of Canine - Statistics

General Stats
  • This quiz has been taken 295 times
    291 since last reset
  • The average score is 15 of 38
Answer Stats
Hint Answer % Correct
Canis Dingo
99%
Canis Dog
99%
Canis New Guinea Singing Dog
99%
Canis Wolf
99%
Vulpes Red Fox
84%
Vulpes Arctic Fox
73%
Canis Coyote
70%
Lycaon African Wild Dog
61%
Urocyon Gray Fox
60%
Vulpes Fennec Fox
53%
Chrysocyon Maned Wolf
50%
Cuon Dhole
47%
Nyctereutes Raccoon Dog
41%
Canis Golden Jackal
34%
Otocyon Bat-Eared Fox
33%
Canis Black-Backed Jackal
32%
Speothos Bush Dog
31%
Canis Ethiopian Wolf
29%
Vulpes Tibetan Fox
29%
Cerdocyon Crab-Eating Fox
26%
Urocyon Island Fox
24%
Vulpes Kit Fox
24%
Lycalopex Culpeo
22%
Canis Side-Striped Jackal
22%
Lycalopex Darwin's Fox
21%
Canis African Golden Wolf
20%
Lycalopex Pampas Fox
20%
Vulpes Swift Fox
20%
Vulpes Bengal Fox
17%
Atelocynus Short-Eared Dog
16%
Lycalopex South American Gray Fox
16%
Vulpes Rüppell's Fox
15%
Vulpes Cape Fox
14%
Vulpes Corsac Fox
12%
Lycalopex Hoary Fox
12%
Vulpes Blandford's Fox
11%
Vulpes Pale Fox
10%
Lycalopex Sechuran Fox
9%
No matching quizzes found
Score Distribution
Percent of People with Each Score
Percentile by Number Answered
Your Score History
You have not taken this quiz since the last reset